MARC details
| 000 -CABECERA |
| campo de control de longitud fija |
03364cam a2200445 i 4500 |
| 001 - NÚMERO DE CONTROL |
| campo de control |
15573032 |
| 005 - FECHA Y HORA DE LA ÚLTIMA TRANSACCIÓN |
| campo de control |
20250908132010.0 |
| 006 - CÓDIGOS DE INFORMACIÓN DE LONGITUD FIJA--CARACTERÍSTICAS DEL MATERIAL ADICIONAL |
| campo de control de longitud fija |
m o d |
| 007 - CAMPO FIJO DE DESCRIPCIÓN FÍSICA--INFORMACIÓN GENERAL |
| campo de control de longitud fija |
cr ||||||||||| |
| 008 - DATOS DE LONGITUD FIJA--INFORMACIÓN GENERAL |
| campo de control de longitud fija |
200921s2020 njua ob 001 0 eng |
| 010 ## - NÚMERO DE CONTROL DE LA BIBLIOTECA DEL CONGRESO |
| Número de control de LC |
2020013693 |
| 020 ## - NÚMERO INTERNACIONAL ESTÁNDAR DEL LIBRO |
| Número Internacional Estándar del Libro |
9781119610922 |
| Información calificativa |
electronic book |
| 020 ## - NÚMERO INTERNACIONAL ESTÁNDAR DEL LIBRO |
| Número Internacional Estándar del Libro |
9781119611882 |
| Información calificativa |
electronic book |
| 020 ## - NÚMERO INTERNACIONAL ESTÁNDAR DEL LIBRO |
| Número Internacional Estándar del Libro |
9781119610878 |
| Información calificativa |
electronic book |
| 020 ## - NÚMERO INTERNACIONAL ESTÁNDAR DEL LIBRO |
| Número Internacional Estándar del Libro |
9781119611905 |
| Información calificativa |
electronic book |
| 035 ## - NÚMERO DE CONTROL DEL SISTEMA |
| Número de control de sistema |
(DLC)ybp301288892 |
| 035 ## - NÚMERO DE CONTROL DEL SISTEMA |
| Número de control de sistema |
15573032 |
| 040 ## - FUENTE DE LA CATALOGACIÓN |
| Centro catalogador/agencia de origen |
NhCcYBP |
| Lengua de catalogación |
eng |
| Centro/agencia transcriptor |
NhCcYBP |
| 041 ## - CÓDIGO DE LENGUA |
| Código de lengua del texto/banda sonora o título independiente |
English |
| 042 ## - CÃDIGO DE AUTENTICACIÃN |
| Código de autenticación |
pcc |
| 050 #4 - SIGNATURA TOPOGRÁFICA DE LA BIBLIOTECA DEL CONGRESO |
| Número de clasificación |
HG4028.V3 |
| Número de documento/Ítem |
C67 2020 |
| 110 ## - ENTRADA PRINCIPAL--NOMBRE DE ENTIDAD CORPORATIVA |
| Nombre de entidad corporativa o nombre de jurisdicción como elemento de entrada |
McKinsey and Company |
| Término indicativo de función/relación |
author. |
| Número de control del registro de autoridad o número normalizado |
http://id.loc.gov/authorities/names/n50066512 |
| 9 (RLIN) |
23530 |
| 245 10 - MENCIÓN DE TÍTULO |
| Título |
Valuation |
| Medio |
[electronic resource] |
| Resto del título |
: measuring and managing the value of companies |
| Mención de responsabilidad, etc. |
/ McKinsey & Company, Tim Koller, Marc Goedhart, David Wessels. |
| 250 ## - MENCIÓN DE EDICIÓN |
| Mención de edición |
Seventh edition. |
| 264 #1 - PRODUCCIÓN, PUBLICACIÓN, DISTRIBUCIÓN, FABRICACIÓN Y COPYRIGHT |
| Producción, publicación, distribución, fabricación y copyright |
Hoboken, New Jersey : |
| Nombre del de productor, editor, distribuidor, fabricante |
John Wiley & Sons, |
| Fecha de producción, publicación, distribución, fabricación o copyright |
[2020] |
| 300 ## - DESCRIPCIÓN FÍSICA |
| Extensión |
1 online resource. |
| 490 1# - MENCIÓN DE SERIE |
| Mención de serie |
[Wiley finance] |
| 500 ## - NOTA GENERAL |
| Nota general |
First edition entered under: Copeland, Thomas E. |
| 504 ## - NOTA DE BIBLIOGRAFÍA, ETC. |
| Nota de bibliografía, etc. |
Includes bibliographical references and index. |
| 520 ## - SUMARIO, ETC. |
| Sumario, etc. |
McKinsey & Company's bestselling guide to teaching corporate valuation - the fully updated seventh edition Valuation: Measuring and Managing the Value of Companies, University Edition is filled with the expert guidance from McKinsey & Company that students and professors have come to rely on for over nearly three decades. Now in its seventh edition, this acclaimed volume continues to help financial professionals and students around the world gain a deep understanding of valuation and help their companies create, manage, and maximize economic value for their shareholders.This latest edition has been carefully revised and updated throughout, and includes new insights on topics such as digital, ESG (environmental, social and governance), and long-term investing, as well as fresh case studies. For thirty years, Valuation has remained true to its basic principles and continues to offer a step-by-step approach to teaching valuation fundamentals, including: Analyzing historical performance Forecasting performance Estimating the cost of capital Interpreting the results of a valuation in context Linking a company's valuation multiples to core performance drivers The University Edition contains end-of-chapter review questions to help students master key concepts from the book. Wiley also offers an Online Instructor's Manual with a full suite of learning resources to complement valuation classroom instruction. |
| 588 ## - NOTA DE FUENTE DE LA DESCRIPCIÓN |
| Nota de fuente de la descripción |
Description based on online resource; title from digital title page (viewed on June 03, 2020). |
| 590 ## - NOTA LOCAL (RLIN) |
| Nota local |
Access is available to the Yale community. |
| 650 #0 - PUNTO DE ACCESO ADICIONAL DE MATERIA--TÉRMINO DE MATERIA |
| Término de materia o nombre geográfico como elemento de entrada |
Corporations |
| Subdivisión general |
Valuation |
| Subdivisión de forma |
Handbooks, manuals, etc. |
| 700 ## - ENTRADA AGREGADA--NOMBRE PERSONAL |
| Nombre de persona |
Koller, Tim |
| Término indicativo de función/relación |
author. |
| Número de control del registro de autoridad o número normalizado |
http://id.loc.gov/authorities/names/n88179070 |
| 9 (RLIN) |
6649 |
| 700 ## - ENTRADA AGREGADA--NOMBRE PERSONAL |
| Nombre de persona |
Goedhart, Marc |
| Término indicativo de función/relación |
author. |
| Número de control del registro de autoridad o número normalizado |
http://id.loc.gov/authorities/names/n96051946 |
| 9 (RLIN) |
6650 |
| 700 ## - ENTRADA AGREGADA--NOMBRE PERSONAL |
| Nombre de persona |
Wessels, David |
| Término indicativo de función/relación |
author. |
| Número de control del registro de autoridad o número normalizado |
http://id.loc.gov/authorities/names/n2005007983 |
| 9 (RLIN) |
6648 |
| 830 #0 - PUNTO DE ACCESO ADICIONAL DE SERIE-TÍTULO UNIFORME |
| Título uniforme |
Wiley finance series. |
| Número de control del registro de autoridad o número normalizado |
http://id.loc.gov/authorities/names/n00091597 |
| 856 ## - LOCALIZACIÓN Y ACCESO ELECTRÓNICOS |
| Identificador Uniforme del Recurso |
<a href="https://bibliotheque.tbs-education.fr/Default/doc/SYRACUSE/3394006/valuation-measuring-and-managing-the-value-of-companies">https://bibliotheque.tbs-education.fr/Default/doc/SYRACUSE/3394006/valuation-measuring-and-managing-the-value-of-companies</a> |
| 942 ## - ELEMENTOS DE ENTRADA AGREGADA (KOHA) |
| Fuente del sistema de clasificación o colocación |
Clasificación de Library of Congress |